000 00310nam a22001217a 4500
082 _a347.549109
_bABI
100 _aAbid, S. A.
245 _aThe Arbitration Act, 1940:
_b[X of 1940] /
_cS. A. Abid
260 _aLahore:
_bKLR Publications,
_cN.A.
300 _a21 p.
563 _aPB.
942 _2ddc
_cBK
999 _c614005
_d614005